00868nam a2200241Ia 450000100060000000300090000600800410001504000130005604000130006904100130008210000180009510000290011324500400014224500570018225000110023926000110025026000230026126000490028430000550033350001730038865000340056165000310059517153IT-RoPAU130308s9999 xx 000 0 und d aIT-RoPAU cIT-RoPAU aSPAGNOLO aPerez Teofilo gCodice Aut. SPICS: 31811 aUna semilla lanzada hacia el futuro bCinquenta Anos de la sociedad de San Pablo En Espana a1a ed. aMADRID bEdiciones Paulinas c1985 [1° Ed.:1985 - Ed.Ling.Originale:1985] a"9 p. (prefazione: no ; testo: 9 [pagine: 10-18])" aSeme Lanciato nel futuro carisma Paolino in terra di Spagna Cronologia delle fondazioni della Società San Paolo in Spagna Espansione e Crisi prospettive per Il Futuro aAUTORI/OPERE FAMIGLIA PAOLINA eCodice materia Spics: 9903